000 00440nam a22001697a 4500
003 MACL
005 20160726131440.0
008 160726b xxu||||| |||| 00| 0 eng d
040 _cMACL
041 _aEnglish
082 _a340 BAN
100 _aBanerjee, Dalim Kumar
_965348
245 _aUnited Nations In Transition
_cDalim Kumar Banerjee
260 _aKolkata
_bAnita Banerjee
_c2013
650 _aLaw
_965349
942 _2ddc
_cHIN
999 _c55002
_d55002